المعلوماتية : نشرة إحصائية شهرية مايو2020. ع.99.
تتناول النشرة كافة البيانات والمؤشرات عن تطور أداء الاقتصاد المصري في كافة النواحي كما رصدت من المصادر المختلفة كذا تطور المؤشرات الاجتماعية عن السكان وخصائصهم وبعض الظواهر المتعلقة بهم....
Saved in:
| 主要作者: | |
|---|---|
| 企业作者: | |
| 格式: | 序列 |
| 语言: | 阿拉伯语 |
| 出版: |
القاهرة :
الجهاز المركزي للتعبئة العامة والإحصاء.
2020
|
| 主题: | |
| 标签: |
添加标签
没有标签, 成为第一个标记此记录!
|
MARC
| LEADER | 00000nas a2200000 a 4500 | ||
|---|---|---|---|
| 003 | INP | ||
| 005 | 20201018110907.0 | ||
| 008 | 130624cuuuuuuuuua mr1 0 f0ara d | ||
| 952 | |0 0 |1 0 |4 0 |6 339_500000000000000_م_ع_52020 |7 0 |9 20802 |a INP |b INP |c MAIN |d 2020-10-18 |l 0 |o 339.5 م ع 5-2020 |p 021278 |r 2022-03-28 00:00:00 |w 2020-10-18 |y PUB |0 0 | ||
| 999 | |c 16850 |d 16850 | ||
| 040 | |a EG-INP |c EG-INP |b ara | ||
| 082 | 0 | 4 | |2 21 |a 339.5 |b م ع 5-2020 |
| 100 | |a الجهاز المركزي للتعبئة العامة والإحصاء | ||
| 245 | 0 | 2 | |a المعلوماتية : |b نشرة إحصائية شهرية مايو2020. |n ع.99. |
| 260 | |a القاهرة : |b الجهاز المركزي للتعبئة العامة والإحصاء. |c 2020 | ||
| 300 | |a مج. : ع. 99 |b ايض.؛ |c 28 سم. | ||
| 310 | |a شهرى | ||
| 362 | 0 | |a ع. 99(مايو 2020 )- | |
| 500 | |a بني الوصف مايو 2020. | ||
| 500 | |a " 2020- مرجع رقم- 57- 20111 " | ||
| 520 | |a تتناول النشرة كافة البيانات والمؤشرات عن تطور أداء الاقتصاد المصري في كافة النواحي كما رصدت من المصادر المختلفة كذا تطور المؤشرات الاجتماعية عن السكان وخصائصهم وبعض الظواهر المتعلقة بهم. | ||
| 650 | 7 | |a المؤشرات الاقتصادية |2 qrmak | |
| 650 | 7 | |a نظم المعلومات |x احصائيات |2 qrmak | |
| 650 | 7 | |a التكامل الاقتصادى |v دوريات. |2 qrmak | |
| 710 | 1 | |a مصر. |b الجهاز المركزي للتعبئة العامة والإحصاء. | |
| 901 | |a inp35 | ||
| 902 | |a egpv34 | ||
| 903 | |a copycat | ||
| 942 | |c PUB |2 ddc | ||